| 000 | 01606cam a22004097i 4500 | ||
|---|---|---|---|
| 001 | data | ||
| 005 | 20260322212114.0 | ||
| 008 | data | ||
| 035 | _a20830018 | ||
| 906 |
_a7 _bcbc _ccopycat _d2 _encip _f20 _gy-gencatlg |
||
| 925 | 0 |
_aacquire _b1 shelf copy _xpolicy default |
|
| 010 | _a 2018419755 | ||
| 020 |
_a1787564363 _q(Print) |
||
| 020 |
_a9781787564367 _q(Print) |
||
| 035 | _a(OCoLC)1049825010 | ||
| 040 |
_aYDX _beng _cYDX _erda _dDLC _dOCLCQ _dOCLCO _dOCLCF _dDLC |
||
| 042 | _alccopycat | ||
| 050 | 0 | 0 |
_aHB615 _b.R445 2019 |
| 082 | 0 | 4 |
_a338/.04 _223 |
| 245 | 0 | 0 |
_aReflections and extensions on key papers of the first twenty-five years of advances / _cedited by Jerome A. Katz (Saint Louis University, USA), Andrew C. Corbett (Babson College, USA). |
| 246 | 3 | _aReflections and extensions on key papers of the 1st 25 years of advances | |
| 250 | _aFirst edition. | ||
| 264 | 1 |
_aUnited Kingdom : _bEmerald Publishing, _c2019. |
|
| 264 | 4 | _c©2019 | |
| 300 |
_axii, 231 pages : _billustrations ; _c24 cm. |
||
| 336 |
_atext _btxt _2rdacontent |
||
| 337 |
_aunmediated _bn _2rdamedia |
||
| 338 |
_avolume _bnc _2rdacarrier |
||
| 490 | 1 |
_aAdvances in entrepreneurship, firm emergence and growth, _x1074-7540 ; _vvolume 20 |
|
| 504 | _aIncludes bibliographical references. | ||
| 650 | 0 | _aEntrepreneurship. | |
| 650 | 7 |
_aEntrepreneurship. _2fast _0(OCoLC)fst00912787 |
|
| 700 | 1 |
_aKatz, Jerome A., _eeditor. |
|
| 700 | 1 |
_aCorbett, Andrew C., _eeditor. |
|
| 830 | 0 |
_aAdvances in entrepreneurship, firm emergence and growth ; _vv. 20. |
|
| 999 |
_c1711 _d1711 |
||